Hottest Countries in the World - Statistics

General Stats
  • This quiz has been taken 57 times
  • The average score is 11 of 20
Answer Stats
Hint Answer % Correct
27.15 Qatar
73%
27.15 Niger
71%
27.00 United Arab Emirates
71%
28.25 Mali
69%
27.15 Nigeria
65%
27.05 Somalia
63%
27.20 Ghana
59%
27.65 Mauritania
59%
28.29 Burkina Faso
57%
28.00 Djibouti
53%
27.85 Senegal
51%
27.15 Togo
51%
27.55 Benin
47%
27.50 Gambia
47%
28.00 Maldives
43%
27.15 Seychelles
37%
27.60 Palau
35%
28.20 Kiribati
33%
27.40 Marshall Islands
33%
27.65 Tuvalu
33%
No matching quizzes found
Score Distribution
Percent of People with Each Score
Percentile by Number Answered
Your Score History
You have not taken this quiz